UBT Library

Implementimi dhe Krahasimi i Politikave Grupore Lokale dhe ne Domen ne Sistemet Operative Windows (Record no. 45431)

000 -LEADER
fixed length control field 00340nam a22001217a 4500
008 - FIXED-LENGTH DATA ELEMENTS--GENERAL INFORMATION
fixed length control field 180423b xxu||||| |||| 00| 0 eng d
041 ## - LANGUAGE CODE
Language code of text/sound track or separate title eng
080 ## - UNIVERSAL DECIMAL CLASSIFICATION NUMBER
Universal Decimal Classification number 043.3
100 ## - Rafti
Rafti 0
101 ## - Shkurtesa
Shkurtesa SHKI-BA
245 ## - TITLE STATEMENT
Title Implementimi dhe Krahasimi i Politikave Grupore Lokale dhe ne Domen ne Sistemet Operative Windows
Statement of responsibility, etc Jahiu, M
942 ## - ADDED ENTRY ELEMENTS (KOHA)
Source of classification or shelving scheme
Item type Books
Holdings
Withdrawn status Lost status Source of classification or shelving scheme Damaged status Not for loan Collection code Permanent location Current location Shelving location Date acquired Total Checkouts Full call number Barcode Date last seen Price effective from Koha item type
          Koleksioni i përgjithshem UBT - Lipjan UBT - Lipjan Disertacionet 04/23/2018   043.3 Jahiu, M 2018 002-3002403 04/23/2018 04/23/2018 Books
          Koleksioni i përgjithshem UBT - Lipjan UBT - Lipjan Disertacionet 04/23/2018   043.3 Jahiu, M 2018 002-3002398 04/23/2018 04/23/2018 Books
          Koleksioni i përgjithshem UBT - Lipjan UBT - Lipjan Disertacionet 04/23/2018   043.3 Jahiu, M 2018 002-3002399 04/23/2018 04/23/2018 Books
UBT Library © 2015-2024. All rights reserved University Education for Business and Technology